Kader von Arsenal Champions League 2024/2025 - Statistiken

Allgemein
  • Dieses Quiz wurde 106 mal gespielt
  • Das Durchschnittsergebnis liegt bei 19 aus 23
Antwortstatistiken
Bildquiz Antwort % Korrekt
Bukayo Saka
99%
Declan Rice
99%
Raheem Sterling
99%
Neto
97%
Kai Havertz
96%
David Raya
95%
Martin Ødegaard
95%
Gabriel Jesus
94%
William Saliba
92%
Gabriel
87%
Mikel Merino
87%
Thomas Partey
87%
Ben White
86%
Gabriel Martinelli
86%
Leandro Trossard
86%
Oleksandr Zinchenko
85%
Jorginho
78%
Riccardo Calafiori
78%
Jurriën Timber
74%
Takehiro Tomiyasu
65%
Kieran Tierney
56%
Jakub Kiwior
53%
Tommy Setford
9%
Keine übereinstimmenden Quizze gefunden
Verteilung der Resultate
Anzahl Personen mit jedem Resultat
Perzentil nach korrekt beantworteten Fragen
Ihre Resultats-Entwicklung
Sie haben dieses Quiz noch nicht gespielt